Chaîne de mots - Géographie française - Statistiques

Statistiques générales
  • Ce quiz a été pris 132 fois
  • Le résultat moyen est 15 sur 20
Statistiques - réponses
Indice Réponse % Correct
Commune normande connue pour ses falaises Étretat
97%
Fleuve traversant notre capitale Seine
93%
Plus grande ville alsacienne Strasbourg
91%
Île la plus peuplée de Polynésie française Tahiti
88%
Lac entre la France et la Suisse Léman
87%
Département de Grenoble et de l'Alpe d'Huez Isère
86%
Point cardinal et département le plus peuplé du Pays Nord
86%
La plus grande des villes bourguignonnes Dijon
85%
À La Réunion ou dans le 93 Saint-Denis
85%
Plus grande ville de Champagne Reims
81%
Plus grande ville de Nouvelle-Calédonie Nouméa
80%
Sous-préfecture bretonne connue pour son club de foot Guingamp
75%
Rivière et département d'Albi et Castres Tarn
72%
Rivière franco-suisse donnant son nom au département de Besançon Doubs
71%
Préfecture palindrome avec un homonyme au Québec Laval
66%
Île touristique vendéenne Noirmoutier
63%
Province correspondant approximativement au Maine-et-Loire actuel Anjou
53%
Région historique correspondant à peu près à la Dordogne Périgord
47%
Fleuve passant par Valenciennes et se jetant dans la mer aux Pays-Bas Escaut
34%
Sous-préfecture corrézienne Ussel
30%
Aucun quiz correspondant
Distribution des résultats
% des personnes avec chaque résultat
Percentile par nombre de réponses
Votre historique - résultats
Vous n’avez pas pris ce quiz